ADVANCED RESEARCH METHODOLOGY (Record no. 13191)
[ view plain ]
| 000 -LEADER | |
|---|---|
| fixed length control field | 00348nam a22001457a 4500 |
| 003 - CONTROL NUMBER IDENTIFIER | |
| control field | SGT |
| 020 ## - INTERNATIONAL STANDARD BOOK NUMBER | |
| International Standard Book Number | 9788184574463 |
| 082 ## - DEWEY DECIMAL CLASSIFICATION NUMBER | |
| Classification number | 658.4034 |
| Item number | A13B |
| 100 ## - MAIN ENTRY--PERSONAL NAME | |
| Personal name | BHALLA, RANJIT KAUR |
| 245 ## - TITLE STATEMENT | |
| Title | ADVANCED RESEARCH METHODOLOGY |
| 260 ## - PUBLICATION, DISTRIBUTION, ETC. (IMPRINT) | |
| Place of publication, distribution, etc | NEW DELHI |
| Name of publisher, distributor, etc | KANISHKA PUBLISHER |
| Year of Publication | 2013 |
| 300 ## - PAGE DESCRIPTION | |
| No. of Pages | 532 |
| 650 ## - SUBJECT ADDED ENTRY--TOPICAL TERM | |
| Topical term or geographic name as entry element | MASS COMMUNICATION |
| 942 ## - ADDED ENTRY ELEMENTS (KOHA) | |
| Source of classification or shelving scheme | Dewey Decimal Classification |
| Koha item type | Books |
| 942 ## - ADDED ENTRY ELEMENTS (KOHA) | |
| -- | 9 |
| Withdrawn status | Lost status | Source of classification or shelving scheme | Damaged status | Not for loan | Collection code | Home library | Current library | Shelving location | Date acquired | Vendor Name | Cost, normal purchase price | Volume Information (Serial or Books or Non-Book Material) | SGTU | Bill Number | Total Checkouts | Full call number | Accession No. (Barcode) | Date last seen | Bill Date | Koha item type | Date last borrowed |
|---|---|---|---|---|---|---|---|---|---|---|---|---|---|---|---|---|---|---|---|---|---|
| Dewey Decimal Classification | Staff Collection | MASS COMMUNICATION | SGT Science & Social Sciences Library | SGT Science & Social Sciences Library | Reference Book | 02/09/2017 | INDIAN PUBLISHER NEW DELHI | 2800.00 | 2 | SGTU | 10 | 658.4034 A13B | MC526 | 27/03/2018 | 29/04/2017 | Books | |||||
| Dewey Decimal Classification | MASS COMMUNICATION | SGT Science & Social Sciences Library | SGT Science & Social Sciences Library | Reference Book | 02/09/2017 | INDIAN PUBLISHER NEW DELHI | 2800.00 | 1 | SGTU | 10 | 10 | 658.4034 A13B | MC527 | 28/11/2022 | 29/04/2017 | Books | 14/11/2022 |